00882nam a2200253Ia 450000500170000000800270001702000180004410000180006224500920008025000170017230000640018953400260025365000390027965000370031865000450035565000380040070000270043826400290046533600270049433700330052133800280055404000350058208400110061720220317000259.0141031s9999 ck 000 0 spa d a97884847031671 aPommaux, Yvan14aUna noche, un gato... ctexto e ilustraciones Yvan Pommaux ; traducción de Rafael Ros a1a edición a[30] páginas sin enumerarbilustraciones en colorc28 cm. tUne nuit, un chat ...142LEMBaCuentos infantiles franceses142LEMBaGatosvCuentos infantilies142LEMBaPadres e hijosvCuentos infantiles142LEMBaRatonesvCuentos infantiles1 aRos, Rafaeletraductor aBarcelonabCorimboc2009 atextobtxt2rdacontent asin mediaciónbn2rdamedia avolumenbnc2rdacarrier aCO-BoRNBPbspaerdacCO-BoRNBP aC POM2